Kendall's snow fort / (Record no. 5105)

MARC details
000 -LEADER
fixed length control field 00984nam a22002897a 4500
001 - CONTROL NUMBER
control field 5105
003 - CONTROL NUMBER IDENTIFIER
control field FISKH
005 - DATE AND TIME OF LATEST TRANSACTION
control field 20241106122941.0
008 - FIXED-LENGTH DATA ELEMENTS--GENERAL INFORMATION
fixed length control field 241106b cb ||||| |||| 00| 0 eng d
020 ## - INTERNATIONAL STANDARD BOOK NUMBER
International Standard Book Number 9781338254327
040 ## - CATALOGING SOURCE
Original cataloging agency FISKH
Language of cataloging eng
Transcribing agency FISKH
Modifying agency FISKH
050 ## - LIBRARY OF CONGRESS CALL NUMBER
Classification number PZ7.R926
082 ## - DEWEY DECIMAL CLASSIFICATION NUMBER
Classification number 457
100 ## - MAIN ENTRY--PERSONAL NAME
Personal name Rusu, Meredith
245 ## - TITLE STATEMENT
Title Kendall's snow fort /
Statement of responsibility, etc. Adapted by Meredith Rusu from the screenplay by Robyn Brown
250 ## - EDITION STATEMENT
Edition statement First printing in 2018
260 ## - PUBLICATION, DISTRIBUTION, ETC.
Place of publication, distribution, etc. New York :
Name of publisher, distributor, etc. Scholastic,
Date of publication, distribution, etc. 2018.
300 ## - PHYSICAL DESCRIPTION
Extent 26 pages :
Other physical details Color illustrations ;
Dimensions 23 cm
505 ## - FORMATTED CONTENTS NOTE
Formatted contents note L<br/>
520 ## - SUMMARY, ETC.
Summary, etc. "There's a storm coming! The other WellieWishers promise to help Kendall build a snow fort to keep the animals warm. But can the girls finish before the storm arrives?"--Page [4] of cover.
521 8# - TARGET AUDIENCE NOTE
Target audience note 520L<br/>
Source Lexile<br/>
521 8# - TARGET AUDIENCE NOTE
Target audience note L<br/>
Source Raz-Plus<br/>
650 ## - SUBJECT ADDED ENTRY--TOPICAL TERM
Source of heading or term Avery
Topical term or geographic name entry element American Girl Series
650 ## - SUBJECT ADDED ENTRY--TOPICAL TERM
Source of heading or term Beginning reader
Topical term or geographic name entry element JReader
942 ## - ADDED ENTRY ELEMENTS (KOHA)
Source of classification or shelving scheme Dewey Decimal Classification
Koha item type Books
Suppress in OPAC No
Holdings
Withdrawn status Lost status Source of classification or shelving scheme Damaged status Not for loan Collection Home library Current library Shelving location Date acquired Total Checkouts Full call number Barcode Date last seen Copy number Price effective from Koha item type
    Dewey Decimal Classification     Fiction Footprints International School Library Network Toul Kork Campus Footprints International School Library Network Toul Kork Campus TK Primary Library Room(4th Floor), Bookcase 3&4, Shelves 17-32, Yellow Books 11/06/2024   MER 457 PZ7.R926 2024-2292 11/06/2024 1 11/06/2024 Books